01317nam a2200253Ia 4500952009300000952009300093999001700186005001700203008004100220020001800261050001700279100002800296245006500324250001800389260003200407300001800439500016600457505019200623519008700815519009300902650002200995700003401017942001201051 00104070a19b19d2014-10-22l0oBF185 B6718p19 001898r2014-10-22t1w2014-10-22yLB 00104070a19b19d2014-10-22l0oBF185 B6718p19 001899r2014-10-22t2w2014-10-22yLB c94751d9475120231102151742.0120626t19782010mx a||| |||| 000 0 spa d a9789682477836 4aBF185bB67181 aBoring, Edwin G.eautor00aHistoria de la psicología experimentalcV/ Edwin G. Boring a3a edición.3 aMéxicob: Trillasc, 2010 a822 páginas aContiene: índices onomástico y de materias Epílogo: veinticinco años de psicología experimental Título original: A history of experimental psychology aOrientación Origen de la psicología moderna dentro de la ciencia Origenes de la psicología moderna dentro de la folosofía La función de la psicología experimental Evaluación aPlan Flexible / bPsicología /cPsicología experimental (P21-2) /d(19 001898) aEducación Mixta / bPsicología / cPsicología experimental (P21-2) / d(19 001899)14aPsicofisiología1 aARDILA, Rubénetraducción cLB2lcc